000 00772cam a2200241 a 4500
001 3822630
003 NUST
005 20250113130121.0
008 860107s1986 nyua 001 0 eng
010 _a 86001260
020 _a081291323X
040 _aDLC
_cDLC
_dDLC
082 0 0 _a428.00973,SAF
100 1 _aSafire, William,
_d1929-2009.
_9107379
245 1 0 _aTake my word for it :
_bmore On language /
_cfrom William Safire.
250 _a1st ed.
260 _aNew York :
_bTimes Books,
_cc1986.
300 _aix, 357 p. :
_bill. ;
_c25 cm.
650 0 _aEnglish language
_xUsage.
_913151
650 0 _aEnglish language
_xErrors of usage.
_9127504
650 0 _aEnglish language
_xEtymology.
_9127505
942 _2ddc
_cBK
_h428.00973,SAF
999 _c612615
_d612615